Datum a čas kvízu
23
Celkem bodů
Celkový počet nahraných bodů na tomto kvízu bez doplňovacích otázek.
7.
Pořadí na kvízu
Konečné umístění týmu na tomto kvízu.
Zaznamenané odpovědi
| # | Otázka | Odpověď | Body | Výsledky |
|---|---|---|---|---|
| 1. | V Olomouci se objevil případ m... | na sušáku na prádlo (na klepači na koberce) | 1 | |
| 2. | Který významný den jsme mohli... | B | 0 | |
| 3. | Herecká asociace oznámila jmén... | Dana Syslová | 0 | |
| 4. | Kim Kardashian minulý týden př... | Jsou chlupaté. | 0 | |
| 5. | Fotbalisté z malého afrického... | Kapverdy | 0 | |
| 6. | Napište jméno pouště na obrázk... | Namib (Namibská poušť) | 0 | |
| 7. | Uveďte, kterým čtyřpísmenným p... | vádí | 0 | |
| 8. | Vyberte, se kterým živočichem... | B | 0 | |
| 9. | Pokud bylo cílovým místem slav... | růžová (Růžové jezero) | 0 | |
| 10. | Britský umělec Gordon Sumner s... | Sting | 1 |